[Event "Bad Woerishofen op"]
[Site "?"]
[Date "2000.??.??"]
[Round "7"]
[White "Fries, Elisabeth"]
[Black "Wiesbeck, Florian"]
[Result "1/2-1/2"]
[WhiteElo "1417"]
[BlackElo "1758"]
[PlyCount "82"]
[EventDate "2000.??.??"]

1. d4 d5 2. Nf3 Nf6 3. Bf4 c6 4. c3 Bg4 5. Nbd2 h6 6. h3 Bf5 7. Ne5 e6 8. e3
Bd6 9. Ndf3 O-O 10. Nh4 Bh7 11. Bh2 Ne4 12. Nhf3 f5 13. Bd3 Qe7 14. O-O Nd7 15.
Nxd7 Qxd7 16. Bxd6 Qxd6 17. Ne5 f4 18. exf4 Rxf4 19. f3 Ng5 20. Bxh7+ Nxh7 21.
Qd2 Rf6 22. Rae1 Nf8 23. Qd3 g6 24. f4 Kg7 25. Qg3 Rf5 26. h4 h5 27. Rf3 Rf6
28. Qh3 Nh7 29. Ref1 Rg8 30. g4 hxg4 31. Qxg4 Kf8 32. Rg3 Ke8 33. h5 Nf8 34.
Qh4 Qe7 35. Kh2 Rf5 36. Qxe7+ Kxe7 37. Nxg6+ Nxg6 38. hxg6 Kf6 39. Kg2 Rxg6 40.
Rxg6+ Kxg6 41. Kf3 Rh5 1/2-1/2

[Event "Bad Woerishofen op"]
[Site "?"]
[Date "2000.??.??"]
[Round "2"]
[White "Fries, Werner"]
[Black "Kjetsae, Johnny"]
[Result "0-1"]
[WhiteElo "1588"]
[BlackElo "2122"]
[PlyCount "88"]
[EventDate "2000.??.??"]

1. e4 c5 2. Nf3 d6 3. d4 cxd4 4. Nxd4 Nf6 5. Nc3 g6 6. Bd3 Bg7 7. Bg5 h6 8.
Bxf6 Bxf6 9. Nde2 O-O 10. Qd2 Bg7 11. O-O-O Nc6 12. f4 Qa5 13. f5 gxf5 14. exf5
Bxf5 15. Bxf5 Qxf5 16. Rdf1 Qg5 17. Qxg5 hxg5 18. h4 g4 19. Kb1 f5 20. Nf4 Bh6
21. Ng6 Rf6 22. h5 Kg7 23. Re1 Bd2 24. Re2 Bxc3 25. bxc3 e5 26. Rd2 Na5 27. Rf2
Rxg6 28. hxg6 Kxg6 29. g3 Nc4 30. Rfh2 f4 31. Rh6+ Kf5 32. gxf4 exf4 33. Rd1 g3
34. Rd5+ Ne5 35. Rdxd6 g2 36. Rh5+ Kg4 37. Rxe5 g1=Q+ 38. Kb2 Rg8 39. Rd4 Rg6
40. Rb5 Rb6 41. Rxb6 axb6 42. Rd7 Qc5 43. Rd4 Qxd4 44. cxd4 f3 0-1

[Event "Bad Woerishofen op"]
[Site "?"]
[Date "2000.??.??"]
[Round "4"]
[White "Fries, Werner"]
[Black "Ring, Gregor"]
[Result "1-0"]
[WhiteElo "1588"]
[BlackElo "1776"]
[PlyCount "51"]
[EventDate "2000.??.??"]

1. e4 c5 2. Nf3 d6 3. d4 cxd4 4. Nxd4 Nf6 5. f3 a6 6. Bd3 g6 7. Nc3 Bg7 8. Bg5
O-O 9. Qd2 Re8 10. O-O-O b5 11. Nde2 Qc7 12. g4 Be6 13. Nf4 Bd7 14. h4 Nc6 15.
Bxf6 exf6 16. Ncd5 Qb7 17. g5 f5 18. Nf6+ Kh8 19. h5 Bxf6 20. gxf6 g5 21. Ng6+
fxg6 22. hxg6 Ne5 23. Rxh7+ Kg8 24. Qxg5 Nxf3 25. Rh8+ Kxh8 26. Qh6+ 1-0

[Event "Bad Woerishofen op"]
[Site "?"]
[Date "2000.??.??"]
[Round "7"]
[White "Fries, Werner"]
[Black "Slacik, Johann"]
[Result "1/2-1/2"]
[WhiteElo "1588"]
[BlackElo "1778"]
[PlyCount "130"]
[EventDate "2000.??.??"]

1. e4 c5 2. Nf3 Nc6 3. d4 cxd4 4. Nxd4 Nf6 5. Nc3 a6 6. Bc4 g6 7. f3 Bg7 8. Bg5
O-O 9. Nde2 Qb6 10. Qd2 Qc7 11. O-O-O b5 12. Bb3 e6 13. Kb1 Ne8 14. Bf4 Ne5 15.
h3 f6 16. Bh2 Kh8 17. f4 Nc4 18. Bxc4 Qxc4 19. g4 b4 20. Na4 Rb8 21. f5 e5 22.
fxg6 Qxe4 23. gxh7 b3 24. Nec3 bxa2+ 25. Kxa2 Qb4 26. Rhe1 Qc4+ 27. b3 Qc6 28.
Qd5 Qxd5 29. Rxd5 Nc7 30. Rd6 Nb5 31. Nxb5 axb5 32. Nc5 Rf7 33. Red1 Bf8 34.
R6d5 Ra8+ 35. Kb2 d6 36. Ne4 Rfa7 37. Rxb5 Ra2+ 38. Kc3 Ba6 39. Rb6 Rc8+ 40.
Kb4 Be2 41. Rd2 d5+ 42. Nd6 Bf3 43. Bg1 d4 44. Rf2 e4 45. Rxf3 Bxd6+ 46. Rxd6
Rb8+ 47. Kc5 Rxc2+ 48. Kd5 exf3 49. Bxd4 Rd2 50. Ke4 Kxh7 51. Rxf6 Re8+ 52. Be5
Re2+ 53. Kxf3 R8xe5 54. h4 R5e3+ 55. Kf4 Rf2+ 56. Kg5 Rxf6 57. Kxf6 Rxb3 58. g5
Rb6+ 59. Kf7 Rd6 60. Kf8 Ra6 61. Kf7 Ra4 62. h5 Rh4 63. g6+ Kh6 64. g7 Rf4+ 65.
Kg8 Rg4 1/2-1/2

[Event "Bad Woerishofen op"]
[Site "?"]
[Date "2000.??.??"]
[Round "8"]
[White "Fries, Werner"]
[Black "Platten, Herbert"]
[Result "0-1"]
[WhiteElo "1588"]
[BlackElo "1772"]
[PlyCount "66"]
[EventDate "2000.??.??"]

1. e4 e6 2. d4 d5 3. exd5 exd5 4. Bd3 Bd6 5. Be3 Nf6 6. Nd2 O-O 7. c3 Nbd7 8.
Qc2 c5 9. O-O-O c4 10. Be2 b5 11. b3 a5 12. a4 bxa4 13. bxc4 Ba3+ 14. Kb1 Ne4
15. Ngf3 Rb8+ 16. Ka2 Rb2+ 17. Qxb2 Bxb2 18. Kxb2 Ndf6 19. Kc2 Bf5 20. Ne5
Nxf2+ 21. Bd3 Bxd3+ 22. Nxd3 Nxh1 23. Rxh1 dxc4 24. Ne5 Qd5 25. Rg1 Rb8 26.
Nexc4 Qf5+ 27. Kc1 Qd3 28. Re1 Nd5 29. Na3 Nxe3 30. Rxe3 Qxe3 31. Kc2 Rc8 32.
Nb5 Qe6 33. Kd3 Qf5+ 0-1

[Event "Bad Woerishofen op"]
[Site "?"]
[Date "2000.??.??"]
[Round "2"]
[White "Fuess, Marcus"]
[Black "Traub, Heinrich"]
[Result "1-0"]
[WhiteElo "1988"]
[BlackElo "1679"]
[PlyCount "51"]
[EventDate "2000.??.??"]

1. c4 e5 2. Nc3 Nf6 3. e4 Nc6 4. g3 Be7 5. Bg2 O-O 6. Nge2 d6 7. d3 h6 8. O-O
Bd7 9. h3 Qc8 10. Kh2 Nh7 11. f4 f5 12. Nd5 Bd8 13. b4 Ne7 14. Bb2 Nxd5 15.
cxd5 Bf6 16. Qd2 a5 17. bxa5 exf4 18. gxf4 Bxb2 19. Qxb2 Rxa5 20. e5 dxe5 21.
fxe5 c6 22. Nf4 Be8 23. dxc6 bxc6 24. Qb3+ Kh8 25. d4 Ng5 26. Qb4 1-0

[Event "Bad Woerishofen op"]
[Site "?"]
[Date "2000.??.??"]
[Round "4"]
[White "Fuess, Marcus"]
[Black "Hopfauf, Fridolin"]
[Result "0-1"]
[WhiteElo "1988"]
[BlackElo "2190"]
[PlyCount "110"]
[EventDate "2000.??.??"]

1. c4 g6 2. Nc3 Bg7 3. g3 Nf6 4. Bg2 O-O 5. e4 d6 6. Nge2 e5 7. O-O Be6 8. d3
Qd7 9. f4 Nc6 10. Nd5 Bxd5 11. cxd5 Ne7 12. fxe5 dxe5 13. Bg5 Ne8 14. Qb3 Nd6
15. Rac1 h6 16. Bf6 Bxf6 17. Rxf6 Kg7 18. Rf2 c6 19. d4 cxd5 20. exd5 e4 21.
Nf4 Rac8 22. Re1 Nef5 23. Bh3 Qe7 24. Bxf5 gxf5 25. Qe3 Kh7 26. Kh1 Rg8 27. Qa3
a6 28. Nd3 Rc4 29. Ne5 Rxd4 30. Nxf7 Qxf7 31. Qxd6 Qxd5 32. Qxd5 Rxd5 33. Rc2
Rgd8 34. Ree2 R8d7 35. Kg2 Kg6 36. g4 Re7 37. gxf5+ Rxf5 38. Rc4 Rf4 39. Kg3
Kf5 40. Rc5+ Re5 41. Rc7 Rf3+ 42. Kg2 Kf4 43. Rf7+ Rf5 44. Rxf5+ Kxf5 45. Rc2
Rd3 46. Rf2+ Ke5 47. Re2 Kd4 48. h4 h5 49. a3 b5 50. Rf2 Rb3 51. Re2 Ke5 52.
Rf2 a5 53. Rc2 Kf4 54. Re2 Rd3 55. Rf2+ Kg4 0-1

[Event "Bad Woerishofen op"]
[Site "?"]
[Date "2000.??.??"]
[Round "6"]
[White "Fuess, Marcus"]
[Black "Holuba, Stefan"]
[Result "1-0"]
[WhiteElo "1988"]
[BlackElo "1740"]
[PlyCount "95"]
[EventDate "2000.??.??"]

1. c4 Nf6 2. Nc3 g6 3. e4 d6 4. g3 Bg7 5. Bg2 O-O 6. Nge2 c6 7. O-O e5 8. d3
Nbd7 9. f4 exf4 10. gxf4 Nh5 11. d4 Nb6 12. b3 Nd7 13. Be3 Ndf6 14. h3 Qc7 15.
Qd2 Bd7 16. Rad1 Rae8 17. e5 Re7 18. exf6 Bxf6 19. Bf2 Rfe8 20. Ng3 Nxg3 21.
Bxg3 Re3 22. Bf2 R3e7 23. Rfe1 Qc8 24. Kh2 Qc7 25. Rxe7 Rxe7 26. Re1 Be6 27.
Ne4 Bg7 28. Ng5 Bf5 29. Rxe7 Qxe7 30. Qe3 Qxe3 31. Bxe3 Bb1 32. a3 Ba2 33. Ne4
Bxb3 34. Nxd6 Bf8 35. Nxb7 Bxc4 36. Bxc6 Bxa3 37. d5 Ba6 38. Bxa7 Bxb7 39. Bxb7
Bd6 40. Kg3 g5 41. Be3 f6 42. Kg4 h5+ 43. Kf5 g4 44. hxg4 h4 45. Ke4 f5+ 46.
gxf5 Kf7 47. Kf3 Kf6 48. Bc8 1-0

[Event "Bad Woerishofen op"]
[Site "Bad Woerishofen"]
[Date "2000.??.??"]
[Round "1"]
[White "Garnier-Salvi, Vince"]
[Black "Kroencke, Manfred"]
[Result "0-1"]
[WhiteElo "1740"]
[BlackElo "2175"]
[PlyCount "51"]
[EventDate "1998.03.05"]
[Source "ChessBase"]
[SourceDate "1998.04.29"]

1. e4 c5 2. Nf3 e6 3. d4 cxd4 4. Nxd4 Nc6 5. g3 Qc7 6. Be3 a6 7. Bg2 Nf6 8. O-O
Be7 9. Nc3 Ne5 10. Bf4 d6 11. Nde2 Bd7 12. a4 O-O 13. a5 Nc6 14. Bd2 Nxa5 15.
Nd5 exd5 16. Bxa5 b6 17. Bc3 dxe4 18. Qd4 d5 19. Nf4 Bc6 20. Rfd1 Rfd8 21. Bh3
Bc5 22. Qd2 d4 23. Bb4 e3 24. Qe1 exf2+ 25. Kxf2 Re8 26. Qd2 0-1

[Event "Bad Woerishofen op"]
[Site "?"]
[Date "2000.??.??"]
[Round "3"]
[White "Garnier-Salvi, Vince"]
[Black "Laux, Dieter"]
[Result "1-0"]
[WhiteElo "1740"]
[BlackElo "1423"]
[PlyCount "59"]
[EventDate "2000.??.??"]

1. e4 c5 2. Nf3 d6 3. d4 cxd4 4. Nxd4 Nf6 5. Nc3 a6 6. Bg5 e6 7. f4 Be7 8. Qf3
Qc7 9. O-O-O Nbd7 10. g4 b5 11. Bxf6 Nxf6 12. g5 Nd7 13. f5 Bxg5+ 14. Kb1 Ne5
15. Qh5 Qe7 16. fxe6 Bxe6 17. Nxe6 g6 18. Qxg5 Qxe6 19. Nd5 Rc8 20. Bh3 f5 21.
exf5 Nf7 22. Qf6 Qxf6 23. Nxf6+ Kf8 24. fxg6 Kg7 25. gxf7 Kxf6 26. Rhf1+ Kg7
27. Bxc8 Rxc8 28. f8=Q+ Rxf8 29. Rxf8 Kxf8 30. Rxd6 1-0

[Event "Bad Woerishofen op"]
[Site "?"]
[Date "2000.??.??"]
[Round "5"]
[White "Garnier-Salvi, Vince"]
[Black "Wenz, Franz"]
[Result "1-0"]
[WhiteElo "1740"]
[BlackElo "1320"]
[PlyCount "79"]
[EventDate "2000.??.??"]

1. e4 e5 2. Nf3 Nc6 3. Bb5 Qf6 4. c3 Nge7 5. d3 h6 6. Be3 d5 7. h3 a6 8. Ba4
dxe4 9. dxe4 Be6 10. Nbd2 Rd8 11. Qe2 b5 12. Bc2 Ng6 13. g3 Bd6 14. a4 b4 15.
Qxa6 bxc3 16. Qxc6+ Bd7 17. Qxc3 Qe7 18. Qc4 Be6 19. Qe2 O-O 20. Kf1 f5 21.
exf5 Bxf5 22. Bxf5 Rxf5 23. Kg2 Rdf8 24. Qc4+ Kh8 25. Nh4 Nxh4+ 26. Qxh4 R8f6
27. Ne4 Rf7 28. Qxe7 Bxe7 29. a5 Bg5 30. Nxg5 hxg5 31. a6 Rf8 32. a7 Ra8 33.
Rhc1 Rf7 34. Rc5 e4 35. Rb5 Rff8 36. Rxg5 Rfe8 37. Ra3 Re6 38. Rb5 Ree8 39.
Rab3 Kh7 40. Rb8 1-0

[Event "Bad Woerishofen op"]
[Site "?"]
[Date "2000.??.??"]
[Round "7"]
[White "Garnier-Salvi, Vince"]
[Black "Gossmann, Ewald"]
[Result "1/2-1/2"]
[WhiteElo "1740"]
[BlackElo "2075"]
[PlyCount "90"]
[EventDate "2000.??.??"]

1. e4 Nc6 2. Nf3 d6 3. d4 Nf6 4. Nc3 Bg4 5. Be2 e6 6. d5 exd5 7. exd5 Bxf3 8.
Bxf3 Ne5 9. Be2 a6 10. Be3 Be7 11. h3 O-O 12. Qd2 Re8 13. O-O-O b5 14. a3 Nfd7
15. b3 Qb8 16. Na2 a5 17. f4 Ng6 18. g4 Nc5 19. Bd4 Ne4 20. Qd3 Nxf4 21. Qxb5
Nxe2+ 22. Qxe2 Bg5+ 23. Kb2 Ng3 24. Qf3 Nxh1 25. Rxh1 Qd8 26. Rf1 Qd7 27. Nc3
Qe7 28. Ne4 Rf8 29. Nxg5 Qxg5 30. Qc3 Rfc8 31. Rf5 Qg6 32. Qf3 f6 33. h4 Rf8
34. h5 Qe8 35. h6 g6 36. Rxf6 Qe7 37. Qc3 Rxf6 38. Bxf6 Qf7 39. Qd4 Rb8 40. g5
a4 41. Qxa4 Qxd5 42. Qd7 Qf7 43. Qc6 Rb6 44. Qa8+ Qf8 45. Qd5+ Qf7 1/2-1/2

[Event "Bad Woerishofen op"]
[Site "?"]
[Date "2000.??.??"]
[Round "9"]
[White "Garnier-Salvi, Vince"]
[Black "Hipp, Hermann"]
[Result "0-1"]
[WhiteElo "1740"]
[BlackElo "2032"]
[PlyCount "110"]
[EventDate "2000.??.??"]

1. e4 c6 2. d4 d5 3. e5 Bf5 4. Nc3 e6 5. g4 Bg6 6. Nge2 c5 7. h4 h6 8. h5 Bh7
9. f4 Be7 10. Be3 Bh4+ 11. Bf2 Bxf2+ 12. Kxf2 cxd4 13. Nxd4 a6 14. Bd3 Bxd3 15.
Qxd3 Nc6 16. Nce2 Qb6 17. Kg2 Nge7 18. Rhf1 O-O-O 19. Nxc6 Nxc6 20. f5 Nxe5 21.
Qc3+ Qc7 22. Qxc7+ Kxc7 23. fxe6 fxe6 24. Nd4 Kd6 25. Kg3 Rhf8 26. Rfe1 Rde8
27. Rad1 Rf6 28. Re2 g5 29. Rde1 Nc6 30. Nf5+ Kd7 31. c4 d4 32. c5 Rb8 33. Nd6
b6 34. Ne4 Rf7 35. cxb6 Rxb6 36. Nc5+ Kd6 37. Nxe6 Kd5 38. Rd2 Rb4 39. Kg2 Rd7
40. Nf8 Rd6 41. Ng6 Re6 42. Rxe6 Kxe6 43. Kf3 Kd5 44. Nh8 Ne5+ 45. Kg3 d3 46.
Ng6 Rxg4+ 47. Kh3 Rd4 48. Nxe5 Kxe5 49. Kg3 Ke4 50. Kf2 Rd5 51. Rd1 Rf5+ 52.
Kg3 Ke3 53. Kg4 Rf4+ 54. Kg3 Ke2 55. Rc1 d2 0-1

[Event "Bad Woerishofen op"]
[Site "Bad Woerishofen"]
[Date "2000.??.??"]
[Round "1"]
[White "Gerhards, Walter"]
[Black "Stumpf, Heinz"]
[Result "1/2-1/2"]
[WhiteElo "1900"]
[BlackElo "2285"]
[PlyCount "93"]
[EventDate "1998.03.05"]
[Source "ChessBase"]
[SourceDate "1998.04.29"]

1. e4 d5 2. exd5 Qxd5 3. Nc3 Qa5 4. d4 c6 5. Nf3 Nf6 6. Bd3 Bg4 7. O-O e6 8. h3
Bh5 9. a3 Nbd7 10. Bf4 Nd5 11. Nxd5 cxd5 12. Qe2 Be7 13. c3 O-O 14. Qe3 b5 15.
Ne5 Nxe5 16. Bxe5 Qb6 17. g4 Bg6 18. Bg3 Rfe8 19. Rae1 a5 20. f4 Bxd3 21. Qxd3
b4 22. axb4 axb4 23. f5 Bf6 24. fxe6 fxe6 25. Be5 Bh4 26. Ra1 Rxa1 27. Rxa1
bxc3 28. Qxc3 Rf8 29. Rf1 Rxf1+ 30. Kxf1 Qa6+ 31. Kg1 h6 32. Qc2 Qc4 33. Qxc4
dxc4 34. Kf1 Bg5 35. Ke2 Bc1 36. Kd1 Bxb2 37. Kc2 Ba1 38. h4 h5 39. gxh5 Kh7
40. Kb1 Bc3 41. Kc2 Be1 42. Bf4 g6 43. hxg6+ Kxg6 44. Bd2 Bxh4 45. Kc3 Kf5 46.
Kxc4 Ke4 47. Bb4 1/2-1/2

[Event "Bad Woerishofen op"]
[Site "?"]
[Date "2000.??.??"]
[Round "3"]
[White "Gerhards, Walter"]
[Black "Stiepan, Hans-Michael"]
[Result "1-0"]
[WhiteElo "1900"]
[BlackElo "1644"]
[PlyCount "89"]
[EventDate "2000.??.??"]

1. e4 e5 2. Nf3 Nf6 3. Nxe5 d6 4. Nf3 Nxe4 5. d4 d5 6. Bd3 Be7 7. O-O Nc6 8.
Re1 Bg4 9. c3 Nf6 10. Bg5 O-O 11. Nbd2 Re8 12. Qc2 h6 13. Bh4 g5 14. Bg3 Bxf3
15. Nxf3 Bd6 16. Rxe8+ Qxe8 17. Bxd6 cxd6 18. Re1 Qd7 19. Bf5 Qc7 20. h3 Re8
21. Rxe8+ Nxe8 22. Nh2 Nf6 23. Ng4 Kg7 24. Ne3 Ne7 25. Bd3 Qb6 26. b3 Qc7 27.
g3 Kf8 28. Kg2 Ne4 29. c4 Nf6 30. f3 Kg7 31. Qe2 Qd7 32. Bb1 h5 33. Qd3 dxc4
34. bxc4 Ng6 35. Nf5+ Kf8 36. Qa3 Ne8 37. Be4 b6 38. Qe3 f6 39. c5 dxc5 40.
dxc5 Qa4 41. a3 Ne5 42. Nd6 bxc5 43. Nxe8 Kxe8 44. f4 Nc4 45. Bc6+ 1-0

[Event "Bad Woerishofen op"]
[Site "?"]
[Date "2000.??.??"]
[Round "5"]
[White "Gerhards, Walter"]
[Black "Huber, Stefan"]
[Result "0-1"]
[WhiteElo "1900"]
[BlackElo "2150"]
[PlyCount "54"]
[EventDate "2000.??.??"]

1. e4 Nf6 2. e5 Nd5 3. d4 Nb6 4. Nf3 d5 5. Bd3 Bg4 6. O-O e6 7. h3 Bxf3 8. Qxf3
c5 9. Bb5+ Nc6 10. dxc5 Nd7 11. c4 Ncxe5 12. Qg3 Nxc4 13. b3 Na5 14. Bb2 Rc8
15. Na3 Nc6 16. Rac1 Qc7 17. f4 Nxc5 18. Kh1 Ne4 19. Qe3 f5 20. Nc2 Qb6 21. Nd4
Bc5 22. Qd3 O-O 23. Nxe6 Nb4 24. Qxe4 fxe4 25. Nxf8 Qxb5 26. a4 Qe2 27. Bd4
Bxd4 0-1

[Event "Bad Woerishofen op"]
[Site "?"]
[Date "2000.??.??"]
[Round "7"]
[White "Gerhards, Walter"]
[Black "Nun, Gottfried"]
[Result "0-1"]
[WhiteElo "1900"]
[BlackElo "2141"]
[PlyCount "98"]
[EventDate "2000.??.??"]

1. e4 d6 2. d4 g6 3. Nc3 Bg7 4. Bc4 Nf6 5. Nge2 O-O 6. O-O Nc6 7. f3 e5 8. d5
Ne7 9. Bg5 h6 10. Be3 a6 11. Ng3 Kh7 12. a4 b6 13. Qe2 Nfg8 14. Rfd1 Qe8 15. f4
f5 16. exf5 Nxf5 17. Nxf5 gxf5 18. Qf2 Nf6 19. h3 Ne4 20. Nxe4 fxe4 21. Qd2 Qg6
22. Kh1 exf4 23. Bxf4 Bxb2 24. Rab1 Bg7 25. Qe3 Bd7 26. Bb3 Rae8 27. c4 Be5 28.
Bxe5 Rxe5 29. Bc2 h5 30. Rf1 Rxf1+ 31. Rxf1 a5 32. Rf4 Bf5 33. Kh2 Kg8 34. Rh4
Kg7 35. Bd1 Bd7 36. g4 Qg5 37. Qxg5+ Rxg5 38. gxh5 Re5 39. h6+ Kh8 40. Kg3 e3
41. Kf3 Bxa4 42. Be2 Bc2 43. Rf4 Re7 44. Kg4 Kh7 45. Kg5 Bg6 46. h4 Re5+ 47.
Kf6 Kxh6 48. Rg4 Rf5+ 49. Ke6 Rf2 0-1

[Event "Bad Woerishofen op"]
[Site "?"]
[Date "2000.??.??"]
[Round "9"]
[White "Gerhards, Walter"]
[Black "Clasen, Sven-Olaf"]
[Result "1-0"]
[WhiteElo "1900"]
[BlackElo "2094"]
[PlyCount "101"]
[EventDate "2000.??.??"]

1. e4 e6 2. d4 d5 3. Nc3 Bb4 4. e5 c5 5. a3 Bxc3+ 6. bxc3 Ne7 7. Qg4 Qa5 8. Bd2
Qa4 9. Qxg7 Rg8 10. Qxh7 cxd4 11. Nf3 dxc3 12. Bxc3 Nbc6 13. Qd3 Bd7 14. g3
O-O-O 15. Bg2 Na5 16. Bb4 Nec6 17. Qc3 Kb8 18. O-O Rc8 19. Bd6+ Ka8 20. Nd2 Nd8
21. Qe3 Rxc2 22. Rfb1 Ndc6 23. Bf1 Qd4 24. Qxd4 Nxd4 25. Bb4 Nac6 26. Nb3 Nxb3
27. Rxb3 Nxe5 28. a4 Rgc8 29. Bd6 Ng4 30. h3 Nxf2 31. Rf3 Ne4 32. Rxf7 Nxd6 33.
Rxd7 Ne4 34. Bd3 R2c7 35. Rxc7 Rxc7 36. Bxe4 dxe4 37. Kf2 Kb8 38. Ra3 Rc4 39.
Ke3 Kc7 40. h4 Kd6 41. g4 Ke5 42. Rb3 b6 43. Rb5+ Rc5 44. h5 Rd5 45. h6 Kf6 46.
Kxe4 Rc5 47. g5+ Kg6 48. Kd4 e5+ 49. Kd3 Kh7 50. Ke4 Kg6 51. Rxc5 1-0

[Event "Bad Woerishofen op"]
[Site "Bad Woerishofen"]
[Date "2000.??.??"]
[Round "1"]
[White "Glas, Stefan"]
[Black "Deglmann, Ludwig"]
[Result "0-1"]
[WhiteElo "1949"]
[BlackElo "2332"]
[PlyCount "98"]
[EventDate "1998.03.05"]
[Source "ChessBase"]
[SourceDate "1998.04.29"]

1. e4 d6 2. d4 Nf6 3. Nc3 e5 4. dxe5 dxe5 5. Qxd8+ Kxd8 6. Bc4 Be6 7. Bxe6 fxe6
8. Be3 Bd6 9. f3 a6 10. Nh3 Ke7 11. O-O-O b5 12. Nf2 Nbd7 13. Rd2 Rhb8 14. Rhd1
h6 15. Ne2 a5 16. Kb1 a4 17. h3 Ra6 18. Ng4 Nh5 19. Nc1 Nf4 20. Nd3 Nxd3 21.
Rxd3 Rc8 22. c3 c5 23. f4 exf4 24. Bxf4 e5 25. Bxh6 gxh6 26. Nxh6 Rf8 27. Nf5+
Rxf5 28. exf5 e4 29. Re1 Nf6 30. g4 Kf7 31. Rde3 Bf4 32. Rxe4 Nxe4 33. Rxe4 Bg5
34. Re5 Rc6 35. Kc2 Bf6 36. Rd5 Ke7 37. b3 a3 38. Kd3 c4+ 39. bxc4 bxc4+ 40.
Kc2 Rb6 41. Rd2 Rb2+ 42. Kd1 Rxd2+ 43. Kxd2 Kd6 44. Ke3 Ke5 45. Kf3 Bg5 46. Kg3
Bd2 47. h4 Be1+ 48. Kh3 Bxc3 49. h5 Bd2 0-1

[Event "Bad Woerishofen op"]
[Site "?"]
[Date "2000.??.??"]
[Round "3"]
[White "Glas, Stefan"]
[Black "Prestel, Oliver"]
[Result "0-1"]
[WhiteElo "1949"]
[BlackElo "2186"]
[PlyCount "70"]
[EventDate "2000.??.??"]

1. e4 c5 2. Nf3 d6 3. d4 cxd4 4. Nxd4 Nf6 5. Nc3 e6 6. Be3 Nc6 7. Be2 Be7 8.
Qd2 a6 9. a4 Qc7 10. O-O Ne5 11. Kh1 Neg4 12. f4 Nxe3 13. Qxe3 O-O 14. f5 Qc5
15. Qd2 Bd7 16. Rf3 Ng4 17. Rg3 Nf2+ 18. Kg1 Bf6 19. Kxf2 Bxd4+ 20. Kf1 exf5
21. Rd1 Be5 22. Rh3 f4 23. Rh4 Bc6 24. Nd5 Bxd5 25. exd5 Rac8 26. Bd3 g6 27. c4
Rfe8 28. b4 Qd4 29. Bxg6 Qxd2 30. Bxh7+ Kg7 31. Rxd2 Rxc4 32. g3 Rxb4 33. gxf4
Rxf4+ 34. Rxf4 Bxf4 35. Be4 Rxe4 0-1

[Event "Bad Woerishofen op"]
[Site "?"]
[Date "2000.??.??"]
[Round "7"]
[White "Glas, Stefan"]
[Black "Huber, Stefan"]
[Result "1/2-1/2"]
[WhiteElo "1949"]
[BlackElo "2150"]
[PlyCount "51"]
[EventDate "2000.??.??"]

1. e4 Nf6 2. Nc3 e5 3. Nf3 d6 4. Bc4 Be7 5. d4 Nbd7 6. dxe5 dxe5 7. O-O O-O 8.
Qe2 c6 9. a4 Qc7 10. Bg5 Nc5 11. Rfd1 h6 12. Bh4 Be6 13. b4 Bxc4 14. Qxc4 Ne6
15. Bg3 Nd7 16. a5 Bf6 17. Rd3 g5 18. Rad1 Rad8 19. Nb5 Qc8 20. Nxa7 Qc7 21.
Nb5 Qc8 22. Nd6 Qc7 23. h3 h5 24. Nb5 Qc8 25. Nd6 Qc7 26. Nb5 1/2-1/2

[Event "Bad Woerishofen op"]
[Site "?"]
[Date "2000.??.??"]
[Round "9"]
[White "Glas, Stefan"]
[Black "Loos, Udo"]
[Result "1-0"]
[WhiteElo "1949"]
[BlackElo "2109"]
[PlyCount "53"]
[EventDate "2000.??.??"]

1. e4 c5 2. Nf3 Nc6 3. d4 cxd4 4. Nxd4 g6 5. Be3 Nf6 6. Nc3 Bg7 7. f3 O-O 8.
Qd2 d5 9. Nxc6 bxc6 10. e5 Nd7 11. f4 e6 12. Na4 Nxe5 13. Bd4 Ng4 14. Bxg7 Kxg7
15. O-O-O Bd7 16. h3 Nh6 17. g4 f6 18. Be2 Qe7 19. Qc3 e5 20. Nc5 exf4 21. g5
Nf5 22. Bg4 d4 23. Rhe1 Ne3 24. Rxd4 Bxg4 25. hxg4 Qe5 26. gxf6+ Qxf6 27. g5
1-0

[Event "Bad Woerishofen op"]
[Site "?"]
[Date "2000.??.??"]
[Round "2"]
[White "Gossmann, Ewald"]
[Black "Ring, Gregor"]
[Result "1-0"]
[WhiteElo "2075"]
[BlackElo "1776"]
[PlyCount "119"]
[EventDate "2000.??.??"]

1. d4 Nf6 2. Nf3 e6 3. c4 Be7 4. Nc3 b6 5. e4 d6 6. Be2 O-O 7. O-O Bb7 8. d5 e5
9. Ne1 Nbd7 10. Nd3 h6 11. f4 Nh7 12. fxe5 dxe5 13. Be3 Bf6 14. Qd2 Bg5 15. Rf5
f6 16. Bh5 Qe7 17. Raf1 Bc8 18. R5f3 Bxe3+ 19. Qxe3 Ng5 20. Rg3 Kh7 21. Nb5 Nb8
22. c5 a6 23. d6 cxd6 24. cxd6 Qd8 25. Nc7 Ra7 26. Qxb6 Rb7 27. Qc5 g6 28.
Bxg6+ Kxg6 29. h4 Nd7 30. Qd5 Nb6 31. Qc6 Rf7 32. Nc5 Rb8 33. hxg5 hxg5 34. b3
Nd7 35. N5xa6 Bxa6 36. Nxa6 Rb6 37. Qc7 Qa8 38. Nc5 Rc6 39. Qb7 Qc8 40. Qxc8
Rxc8 41. Nxd7 Rxd7 42. Rd3 Rc2 43. Rf2 Rc1+ 44. Kh2 Re1 45. Rc2 Rxe4 46. Rc7
Rh4+ 47. Kg1 Rhh7 48. Rxd7 Rxd7 49. g4 f5 50. gxf5+ Kxf5 51. Kf2 g4 52. Kg3 Rh7
53. Rd2 Rd7 54. a4 e4 55. a5 e3 56. Rd4 Ke5 57. Rxg4 Rxd6 58. Kf3 Rd4 59. Rxd4
Kxd4 60. Ke2 1-0

[Event "Bad Woerishofen op"]
[Site "?"]
[Date "2000.??.??"]
[Round "4"]
[White "Gossmann, Ewald"]
[Black "Platten, Herbert"]
[Result "1-0"]
[WhiteElo "2075"]
[BlackElo "1772"]
[PlyCount "109"]
[EventDate "2000.??.??"]

1. Nf3 e6 2. d4 d5 3. e3 Nf6 4. Bd3 c5 5. c3 Bd7 6. Nbd2 Nc6 7. O-O Bd6 8. dxc5
Bxc5 9. Qe2 e5 10. e4 Bg4 11. exd5 Nxd5 12. Ne4 Be7 13. h3 Bh5 14. Ng3 Bxf3 15.
Qxf3 O-O 16. Rd1 Nf6 17. Bxh7+ Nxh7 18. Rxd8 Raxd8 19. Nf5 Bf6 20. Qg4 e4 21.
Bf4 Kh8 22. Re1 g6 23. Ng3 Bg7 24. Qe2 f5 25. Rd1 Rxd1+ 26. Qxd1 Rd8 27. Qb3
Rd7 28. Qe6 Nf8 29. Qb3 Nd8 30. Be3 b6 31. Ne2 Nde6 32. Qb5 Kh7 33. a4 Nc7 34.
Qc6 Nce6 35. b4 Be5 36. g3 Rc7 37. Qa8 Rd7 38. Nd4 Nd8 39. Nc6 Nxc6 40. Qxc6
Bg7 41. a5 bxa5 42. bxa5 Rd1+ 43. Kg2 Nd7 44. Bd4 Nf8 45. Qb7 Ne6 46. Bxg7 Nxg7
47. Qxa7 Rd3 48. Qc7 Kh6 49. a6 Ne6 50. Qc8 Ng5 51. Qh8+ Nh7 52. a7 Rd2 53.
a8=Q e3 54. Qaf8+ Kg5 55. Qe7+ 1-0

[Event "Bad Woerishofen op"]
[Site "?"]
[Date "2000.??.??"]
[Round "6"]
[White "Gossmann, Ewald"]
[Black "Eschle, Hubert"]
[Result "0-1"]
[WhiteElo "2075"]
[BlackElo "1783"]
[PlyCount "72"]
[EventDate "2000.??.??"]

1. Nf3 Nf6 2. d4 g6 3. Bg5 Bg7 4. Nbd2 h6 5. Bh4 O-O 6. e4 d6 7. c3 Nbd7 8. h3
e5 9. Bd3 Qe8 10. O-O Nh5 11. Rc1 Nf4 12. Bb1 f5 13. exf5 gxf5 14. Bg3 Nh5 15.
Bh2 e4 16. Qb3+ Kh8 17. Nh4 Ndf6 18. Rce1 Rb8 19. Qc4 Rf7 20. Qe2 Re7 21. Nc4
Nd5 22. Ne3 Ndf4 23. Qd2 Bf6 24. Nexf5 Bxf5 25. Nxf5 Bg5 26. Qd1 Re6 27. Qg4
Nf6 28. Qd1 Qg6 29. Bxf4 Bxf4 30. Ne3 Rg8 31. g4 h5 32. Kh1 hxg4 33. h4 Qh6 34.
Kg2 g3 35. Rh1 gxf2+ 36. Kxf2 Bxe3+ 0-1

[Event "Bad Woerishofen op"]
[Site "?"]
[Date "2000.??.??"]
[Round "8"]
[White "Gossmann, Ewald"]
[Black "Neumann, Peter"]
[Result "1/2-1/2"]
[WhiteElo "2075"]
[BlackElo "1748"]
[PlyCount "44"]
[EventDate "2000.??.??"]

1. d4 Nf6 2. Nf3 d5 3. e3 Bg4 4. Be2 e6 5. Nbd2 c5 6. c3 Nc6 7. O-O Bd6 8. Ne1
Bxe2 9. Qxe2 O-O 10. Nef3 Qc7 11. b3 Rfe8 12. Bb2 e5 13. dxe5 Nxe5 14. Nxe5
Rxe5 15. g3 Rae8 16. Qf3 Qd7 17. c4 Rf5 18. Qg2 Ne4 19. Nxe4 dxe4 20. Rad1 Qe6
21. Rd2 h5 22. Rfd1 Be7 1/2-1/2

[Event "Bad Woerishofen op"]
[Site "Bad Woerishofen"]
[Date "2000.??.??"]
[Round "2"]
[White "Goy, Udo"]
[Black "Horther, Heinrich"]
[Result "0-1"]
[WhiteElo "2151"]
[BlackElo "2398"]
[PlyCount "72"]
[EventDate "1998.03.05"]
[Source "ChessBase"]
[SourceDate "1998.04.29"]

1. d4 e6 2. Nf3 d5 3. c4 c5 4. e3 Nc6 5. Nc3 Nf6 6. Bd3 Be7 7. O-O O-O 8. a3 a6
9. Qe2 dxc4 10. Bxc4 b5 11. Ba2 b4 12. axb4 Nxb4 13. Bc4 Bb7 14. Rd1 Qc7 15. b3
Ne4 16. Bb2 Bf6 17. Rac1 Nxc3 18. Rxc3 Rfd8 19. Rcc1 Rac8 20. Rd2 a5 21. Rdd1
Be4 22. Ne1 Qa7 23. dxc5 Rxd1 24. Rxd1 Bxb2 25. Qxb2 Qxc5 26. Rd4 Bd5 27. h3 h6
28. Nf3 Qe7 29. Bxd5 exd5 30. Rd1 Rc2 31. Qd4 Qc7 32. g3 Ra2 33. Kg2 Qc2 34.
Rd2 Qxb3 35. Rxa2 Qxa2 36. Qc5 Qxf2+ 0-1